000 00665nam a22001817a 4500
005 20251108164735.0
008 250721s2008 xx 000 0 ara d
082 1 4 _aم/982.11/معج
245 1 0 _aمعجم البابطين لشعراء العربية في القرنين التاسع عشر و العشرين /
264 1 _aالكويت :
_bمؤسسة جائزة عبد العزيز بن سعود البابطين للإبداع الشعري،
_c2008.
300 _a25مج.
650 1 7 _aالتراجم
650 1 7 _aالشعراا العرب
650 1 7 _aالشعر العربي
710 2 _aهيئة المعجم
942 _2ddc
_cREF
999 _c13201
_d13201